000
00332 a2200145 4500
082
_a
658.1511
090
_c
2674
_d
2674
100
_a
Noreen,Garrision
245
_a
Managerial Accounting
_c
Garrision Noreen
250
_a
10th
260
_a
New Delhi
300
_a
836p
500
_a
Paper cover
942
_a
NBS
_c
BK
_k
658.1511 NOR
999
_c
345166
_d
345166